| 000 | 00666nam a2200229 a 4500 | ||
|---|---|---|---|
| 005 | 20260108064004.0 | ||
| 008 | 080130m19992005mx r 000 0 spa d | ||
| 020 | _a9686986146 (v.1) | ||
| 020 | _a9686986154 (v.2) | ||
| 020 | _a9686986162 (v.3) | ||
| 020 | _a9686986170 (v.4) | ||
| 035 | _aUPN01000153953 | ||
| 049 | _aI | ||
| 050 | 4 |
_aLB1733 _bM8.7 |
|
| 100 | 1 |
_aMuñiz de Ortiz, Rosario _930750 |
|
| 245 | 1 | 0 |
_aTeddy preescritura / _cRosario Muñiz de Ortiz. |
| 260 |
_aMéxico : _bAvante, _c1999 (2005 impr.). |
||
| 300 | _a4 v. | ||
| 650 | 4 |
_aEscritura _xEstudio y enseñanza (Preescolar) _91523 |
|
| 650 | 4 |
_aLibros de texto _94427 |
|
| 905 | _aInfantil | ||
| 999 |
_c126074 _d126074 |
||